MARC

LEADER 00000nam0a2200000 4500
001 47284
005 20231031025913.0
035 |a (RuTPU)RU\TPU\book\49384 
090 |a 47284 
100 |a 20030205d1963 m y0rusy50 ca 
101 0 |a rus 
102 |a RU 
105 |a a j 001zy 
200 1 |a Ядерная геология и геофизика  |e учебное пособие  |f В. В. Ларионов  |g под ред. В. Н. Дахнова 
210 |a Москва  |c Гостоптехиздат  |d 1963 
215 |a 351 с.  |c ил. 
320 |a Библиогр.: с. 345-348. 
610 1 |a геология 
610 1 |a геофизика 
610 1 |a ядерная геофизика 
610 1 |a ядерная геология 
610 1 |a радиометрия 
610 1 |a аппаратура 
610 1 |a радиоактивность 
610 1 |a горные породы 
610 1 |a геохимия 
610 1 |a полезные ископаемые 
610 1 |a радиометрические методы 
610 1 |a учебные пособия 
675 |a 550.835(075.8)  |v 3 
675 |a 550.3(075.8)  |v 3 
700 1 |a Ларионов  |b В. В.  |g Вячеслав Васильевич 
702 1 |a Дахнов  |b В. Н.  |4 340 
801 1 |a RU  |b 63413507  |c 20030205  |g PSBO 
801 2 |a RU  |b 63413507  |c 20221108  |g PSBO 
942 |c BK